000 00653nam a2200277Ia 4500
005 20260324144356.0
008 008 260324s9999 xx 000 0 eng d
020 _a9781351040822
037 _aEBOOK
040 _aCRL
040 _beng
040 _cCRL
041 _2eng
041 _aeng
084 _qCRL
100 _aCyril Poster; Christopher Day
_91219091
245 0 _aPartnership in Education Management
260 _bTaylor and Francis
260 _c1988
365 _a
365 _b120
856 _uhttp://www.taylorfrancis.com/books/9781351040822
942 _cEBOOK
999 _c1825634
_d1825634